000 00725nam a2200217Ia 4500
001 T232763
003 DR-UNIBE
040 _aBIBLIOTECA UNIBE
_cBIBLIOTECA UNIBE
008 050707s2015 dr spa d
260 _aSanto Domingo, República Dominicana :
_c050707s2015 dr spa d
_c0015 dr
650 _aAutodeterminación nacional
650 _aAutodeterminación nacional
_x-Aspectos jurídicos
650 _aDerecho internacional público
650 _aAutonomía
650 _aSeparatismo
650 _aSoberanía
008 0000002015 dr 0000000000spa00
951 _a20160620 19:40:26
942 _cTH
_2ddc
001 T232763
999 _c34477
_d34477